Sistema de análisis estadístico con SPSS
| Main Authors: | , |
|---|---|
| Format: | Section = Libro |
| Language: | Undetermined Spanish |
| Published: |
Nicaragua
[s.e.]
2006
|
| Subjects: |
| LEADER | 00509nam a2200205Ia 4500 | ||
|---|---|---|---|
| 008 | 240830s9999 xx 000 0 und d | ||
| 020 | |a 978-92-9039-790-8 | ||
| 040 | |a B-ESTELÍ- RUACS / 310 E10 | ||
| 041 | |a spa | ||
| 082 | |a 310 E10 | ||
| 100 | 1 | |a Pedroza, Henry | |
| 100 | 1 | |b Dicovskyi, Luis | |
| 245 | 1 | 0 | |a Sistema de análisis estadístico con SPSS |
| 260 | |a Nicaragua |b [s.e.] |c 2006 | ||
| 300 | |a 152 p:il | ||
| 650 | 7 | |a ESTADISTICA | |
| 650 | 7 | |b SPSS | |
| 942 | |c BK |2 ddc | ||
| 991 | |a TEXTO | ||
| 999 | |c 10676 | ||